<?xml version="1.0" encoding="UTF-8"?><?xml-stylesheet type="text/xsl" href="static/style.xsl"?><OAI-PMH xmlns="http://www.openarchives.org/OAI/2.0/" xmlns:xsi="http://www.w3.org/2001/XMLSchema-instance" xsi:schemaLocation="http://www.openarchives.org/OAI/2.0/ http://www.openarchives.org/OAI/2.0/OAI-PMH.xsd"><responseDate>2026-06-01T23:27:38Z</responseDate><request verb="GetRecord" identifier="oai:riuma.uma.es:10630/26074" metadataPrefix="marc">https://riuma.uma.es/rest/oai/request</request><GetRecord><record><header><identifier>oai:riuma.uma.es:10630/26074</identifier><datestamp>2026-02-03T12:45:41Z</datestamp><setSpec>com_10630_2254</setSpec><setSpec>col_10630_37957</setSpec></header><metadata><record xmlns="http://www.loc.gov/MARC21/slim" xmlns:dcterms="http://purl.org/dc/terms/" xmlns:doc="http://www.lyncode.com/xoai" xmlns:xsi="http://www.w3.org/2001/XMLSchema-instance" xsi:schemaLocation="http://www.loc.gov/MARC21/slim http://www.loc.gov/standards/marcxml/schema/MARC21slim.xsd">
   <leader>00925njm 22002777a 4500</leader>
   <datafield ind2=" " ind1=" " tag="042">
      <subfield code="a">dc</subfield>
   </datafield>
   <datafield ind2=" " ind1=" " tag="720">
      <subfield code="a">Moreno Barea, Francisco Javier</subfield>
      <subfield code="e">author</subfield>
   </datafield>
   <datafield ind2=" " ind1=" " tag="260">
      <subfield code="c">2023-03-03</subfield>
   </datafield>
   <datafield ind2=" " ind1=" " tag="520">
      <subfield code="a">En la última década, el aprendizaje profundo (DL) se ha impuesto como el enfoque de inteligencia artificial con mayor progresión y éxito. El DL conforma el estado del arte en visión por computador y procesamiento del lenguaje natural, mostrando además un potencial prometedor en bioinformática, un campo de gran impacto económico y social.&#xd;
Sin embargo, estos modelos presentan una importante desventaja, requieren de miles de instancias de datos para lograr un buen nivel de éxito. Actualmente en bioinformática, la adquisición de datos sigue siendo un proceso difícil y costoso, especialmente trabajando con conjuntos genómicos, expresión molecular o metabolómica. Estos son significativamente difíciles de obtener, y su escasez es acuciante en estudios de enfermedades raras o regiones geográficas concretas. Para resolver esta limitación se puede emplear el aumento de datos (DA), el incremento del número de muestras disponibles mediante transformaciones o generación. En los últimos años, modelos de DA pertenecientes al DL han obtenido un rendimiento asombroso en generación de imágenes sintéticas. Sin embargo, aplicar estos modelos a conjuntos bioinformáticos sin información espacial o temporal es desafiante.&#xd;
A este respecto, el objetivo de la tesis doctoral es el desarrollo de métodos de DA y su aplicación en problemas bioinformáticos no estructurados.</subfield>
   </datafield>
   <datafield ind1="8" ind2=" " tag="024">
      <subfield code="a">https://hdl.handle.net/10630/26074</subfield>
   </datafield>
   <datafield tag="653" ind2=" " ind1=" ">
      <subfield code="a">Inteligencia Artificial - Tesis doctorales</subfield>
   </datafield>
   <datafield ind2="0" ind1="0" tag="245">
      <subfield code="a">Desarrollo de técnicas de aumento de datos para la aplicación de aprendizaje profundo en problemas de bioinformática</subfield>
   </datafield>
</record>
</metadata></record></GetRecord></OAI-PMH>